| Tag |
First Indicator |
Second Indicator |
Subfields |
| LEADER |
00000cam a22000008a 4500 |
| 001 |
in00000027922 |
| 005 |
20151007054648.0 |
| 008 |
870930c19881987nyua b 00010aeng |
| 010 |
|
|
|a 87042888
|
| 020 |
|
|
|a 0879513012 :
|c $16.95
|
| 035 |
|
|
|a (OCoLC)16867672
|
| 035 |
|
|
|9 AAB5867AM
|
| 040 |
|
|
|a DLC
|c DLC
|d TXA
|d UtOrBLW
|
| 043 |
|
|
|a n-us---
|
| 049 |
|
|
|a TXAM
|c [A10954389]
|
| 050 |
0 |
0 |
|a QL682
|b .B87 1988
|
| 082 |
0 |
|
|a 598
|2 19
|
| 100 |
1 |
|
|a Burroughs, John,
|d 1837-1921.
|
| 245 |
1 |
4 |
|a The birds of John Burroughs :
|b a great naturalist's meditations and essays on bird watching /
|c edited and with an introduction by Jack Kligerman ; drawings by Louis Agassiz Fuertes.
|
| 263 |
|
|
|a 8801
|
| 264 |
|
1 |
|a Woodstock, N.Y. :
|b Overlook Press,
|c 1988.
|
| 300 |
|
|
|a ix, 240 pages :
|b illustrations
|
| 336 |
|
|
|a text
|b txt
|2 rdacontent
|
| 337 |
|
|
|a unmediated
|b n
|2 rdamedia
|
| 338 |
|
|
|a volume
|b nc
|2 rdacarrier
|
| 504 |
|
|
|a Bibliography: pages 239-240.
|
| 650 |
|
0 |
|a Birds
|z United States.
|
| 600 |
1 |
0 |
|a Burroughs, John,
|d 1837-1921.
|
| 650 |
|
0 |
|a Naturalists
|z United States
|v Biography.
|
| 700 |
1 |
|
|a Kligerman, Jack,
|d 1938-
|
| 999 |
|
|
|a MARS
|
| 999 |
f |
f |
|s 8143bde7-2d1c-341b-9ae0-552cf3e405a2
|i 7b2901a7-3ecb-3e7f-822e-8fcff519310b
|t 0
|
| 952 |
f |
f |
|p ric
|a Texas A&M University
|b Rellis Campus
|c Joint Library Facility
|d Remote Storage
|t 0
|e QL682 .B87 1988
|h Library of Congress classification
|i unmediated -- volume
|m A14810954389
|
| 998 |
f |
f |
|a QL682 .B87 1988
|t 0
|l Remote Storage
|